[Event "Copa ENTEL"]
[Site "Santiago CHI"]
[Date "2004.03.22"]
[Round "1"]
[White "Arancibia,E"]
[Black "Llorens,M"]
[Result "1/2-1/2"]
[WhiteElo "2405"]
[BlackElo "2384"]
[EventDate "2004.03.22"]

1. e4 c5 2. Nf3 Nc6 3. Bb5 g6 4. Bxc6 dxc6 5. d3 Bg7 6. h3 e5 7. Be3 Qe7 8.
Qd2 Nf6 9. Nc3 Nd7 10. Bh6 f6 11. Bxg7 Qxg7 12. Qe3 b6 13. Nd2 O-O 14. O-O
g5 15. a3 Qe7 16. Ne2 Rd8 17. Ng3 Nf8 18. Nf5 Qc7 19. h4 gxh4 20. Nxh4 Ne6
21. Nf5 Kh8 22. g3 Rg8 23. Kh2 Nd4 24. Nxd4 cxd4 25. Qh6 Qf7 26. Kg2 Rg5
27. Qh4 Rg4 28. Qh6 Be6 29. Rh1 Rag8 30. Nf3 R4g6 31. Qh2 Qg7 32. Nh4 Rh6
33. Qg1 c5 34. Qd1 Bg4 35. Qd2 Rh5 36. Nf5 Rxf5 37. exf5 Qb7+ 38. Kg1 Rg5
39. f4 Rg7 40. fxe5 Bxf5 41. Qg2 Qb8 42. Qf3 Qxe5 43. Kf2 Bg4 44. Qa8+ Rg8
45. Qe4 Qxe4 46. dxe4 Re8 47. Rhe1 Kg7 48. a4 Kg6 49. Ra3 c4 50. Raa1 Kg5
51. a5 b5 52. a6 Re5 53. b3 cxb3 54. cxb3 d3 55. Ke3 Be2 56. Kd4 Kg4 57.
Rf1 Bxf1 58. Rxf1 d2 59. Ke3 f5 60. Kxd2 Rxe4 61. Rc1 Re6 62. Rc5 Rxa6 63.
Rxb5 Rb6 64. Ra5 a6 65. Ke2 Rxb3 66. Rxa6 Kxg3 67. Ra7 Rb2+ 68. Kf1 h5 69.
Ra3+ Kg4 70. Kg1 h4 71. Rc3 f4 72. Ra3 Re2 73. Rb3 Re3 74. Rb8 Kf3 75. Rh8
Re1+ 76. Kh2 Kf2 77. Rxh4 f3 78. Ra4 Re5 79. Ra2+ Re2 80. Ra1 Rd2 81. Ra5
Ke3+ 82. Kg1 Rb2 83. Re5+ Kf4 84. Re8 Rg2+ 85. Kf1 Rg5 86. Kf2 Rg2+ 87. Kf1
Rb2 88. Rf8+ 1/2-1/2

[Event "Copa ENTEL"]
[Site "Santiago CHI"]
[Date "2004.03.22"]
[Round "1"]
[White "Panno,O"]
[Black "Cubas,Jo"]
[Result "1/2-1/2"]
[WhiteElo "2485"]
[BlackElo "2394"]
[EventDate "2004.03.22"]

1. c4 e5 2. g3 f5 3. Bg2 Nf6 4. Nc3 d6 5. d3 g6 6. e3 Bg7 7. Nge2 c6 8. f4
O-O 9. O-O Be6 10. b3 Na6 11. Ba3 Re8 12. Qd2 Bf7 13. Rad1 exf4 14. gxf4 d5
15. h3 dxc4 16. bxc4 Qa5 17. Bc1 Rad8 18. Qc2 Nc5 1/2-1/2

[Event "Copa ENTEL"]
[Site "Santiago CHI"]
[Date "2004.03.22"]
[Round "1"]
[White "Rojas,L"]
[Black "Leitao,R"]
[Result "0-1"]
[WhiteElo "2408"]
[BlackElo "2566"]
[EventDate "2004.03.22"]

1. e4 c6 2. d4 d5 3. Nd2 dxe4 4. Nxe4 Bf5 5. Ng3 Bg6 6. h4 h6 7. Nf3 Nd7 8.
h5 Bh7 9. Bd3 Bxd3 10. Qxd3 e6 11. Bf4 Qa5+ 12. Bd2 Qc7 13. O-O-O Ngf6 14.
Ne4 O-O-O 15. g3 Be7 16. Kb1 c5 17. Bf4 Qc6 18. Nxf6 Bxf6 19. d5 exd5 20.
Qxd5 Ne5 21. Qxc6+ Nxc6 22. c3 Rxd1+ 23. Rxd1 Rd8 24. Rxd8+ Kxd8 25. Kc2
Kd7 26. Kd3 b5 27. Ke4 Ke6 28. g4 b4 29. g5 hxg5 30. Bxg5 Be5 31. Bd2 f5+
32. Kd3 bxc3 33. bxc3 Kd5 34. c4+ Ke6 35. Nxe5 Nxe5+ 36. Kc3 Ng4 37. f3 Nf6
38. Kb3 Kd6 39. Ka4 Kc6 40. Ka5 Nxh5 41. Ka6 Nf6 42. Kxa7 Nd7 43. f4 Nb6
44. Bc3 g6 45. Ka6 Nxc4 46. a4 Nb6 47. a5 Nd5 48. Bd2 c4 49. Ka7 c3 50. Bc1
Nb4 51. Kb8 Kb5 52. Kc7 Nd3 53. Be3 c2 54. Kd6 c1=Q 0-1

[Event "Copa ENTEL"]
[Site "Santiago CHI"]
[Date "2004.03.22"]
[Round "1"]
[White "Velasquez,C"]
[Black "Vasquez,R"]
[Result "0-1"]
[WhiteElo "2359"]
[BlackElo "2523"]
[EventDate "2004.03.22"]

1. e4 c5 2. Nf3 d6 3. d4 cxd4 4. Nxd4 Nf6 5. Nc3 a6 6. f4 Qc7 7. a4 e6 8.
Bd3 Nc6 9. Nb3 b6 10. O-O Be7 11. Be3 Bb7 12. Qf3 Nb4 13. Rae1 d5 14. Bd4
Nxd3 15. cxd3 dxe4 16. dxe4 Qc4 17. Bxf6 Bxf6 18. Nc1 Rd8 19. N1e2 O-O 20.
Rd1 b5 21. axb5 axb5 22. Ng3 Rxd1 23. Rxd1 Rd8 24. Rxd8+ Bxd8 25. Qd1 Bb6+
26. Kh1 Qc6 27. Qd2 b4 28. Nce2 Qc5 29. Qd7 Ba6 30. f5 Bb5 31. Qb7 h6 32.
fxe6 fxe6 33. e5 Bc6 34. Qb8+ Kf7 0-1

[Event "Copa ENTEL"]
[Site "Santiago CHI"]
[Date "2004.03.22"]
[Round "1"]
[White "Valenzuela Fuentealba,L"]
[Black "Zambrana,O"]
[Result "0-1"]
[WhiteElo "2418"]
[BlackElo "2404"]
[EventDate "2004.03.22"]

1. d4 Nf6 2. c4 e6 3. Nf3 b6 4. a3 Bb7 5. Nc3 d5 6. cxd5 exd5 7. g3 Be7 8.
Bg2 O-O 9. O-O Nbd7 10. Bf4 c5 11. Qa4 cxd4 12. Nxd4 Nc5 13. Qc2 Nce4 14.
Nxe4 Nxe4 15. Rad1 Rc8 16. Qb3 Qd7 17. Be5 Rfe8 18. Qf3 Bf8 19. Bf4 g6 20.
h4 Bg7 21. Rfe1 Nc5 22. Rd2 Qa4 23. Be3 Re4 24. Red1 Rce8 25. b4 Rxe3 26.
fxe3 Nd7 27. e4 dxe4 28. Qe3 Ne5 29. Rc1 Ng4 30. Qc3 Bh6 31. Rdc2 Qd7 32.
Bh3 Bxc1 33. Bxg4 Qxg4 34. Rxc1 Rc8 0-1

[Event "Copa ENTEL"]
[Site "Santiago CHI"]
[Date "2004.03.22"]
[Round "2"]
[White "Llorens,M"]
[Black "Zambrana,O"]
[Result "0-1"]
[WhiteElo "2384"]
[BlackElo "2404"]
[EventDate "2004.03.22"]

1. e4 c5 2. Nf3 Nc6 3. Bb5 g6 4. O-O Bg7 5. c3 Nf6 6. e5 Nd5 7. Bxc6 dxc6
8. d4 cxd4 9. Qxd4 O-O 10. Qh4 f6 11. c4 Nb4 12. Nc3 Qd7 13. exf6 exf6 14.
Be3 Na6 15. h3 Qf7 16. Ne4 g5 17. Qg3 Qxc4 18. Nd6 Qc2 19. Nd4 Qg6 20. f4
gxf4 21. Qxf4 Bxh3 22. Rf2 Nb4 23. Qh4 Bg4 24. N4f5 Nd5 25. Raf1 b6 26. Bh6
Bxf5 27. Nxf5 Bxh6 28. Nxh6+ Kh8 29. Rf3 Rae8 30. Rg3 Re4 31. Qh3 Qe8 32.
Rgf3 Qe5 33. Qd7 Qd4+ 34. R3f2 Ne3 35. Qxd4 Rxd4 36. Rxf6 Rxf6 37. Rxf6 Rd2
38. Rxc6 Rxg2+ 39. Kh1 Rxb2 40. Re6 Kg7 41. a3 Rb5 42. Kg1 Rh5 0-1

[Event "Copa ENTEL"]
[Site "Santiago CHI"]
[Date "2004.03.22"]
[Round "2"]
[White "Vasquez,R"]
[Black "Valenzuela Fuentealba,L"]
[Result "1/2-1/2"]
[WhiteElo "2523"]
[BlackElo "2418"]
[EventDate "2004.03.22"]

1. d4 Nf6 2. c4 g6 3. Nc3 d5 4. Nf3 Bg7 5. Bg5 Ne4 6. cxd5 Nxg5 7. Nxg5 e6
8. Nf3 exd5 9. b4 O-O 10. e3 c6 11. Be2 Qd6 12. Qb3 Nd7 13. O-O Nb6 14. a4
Be6 15. Nd2 Rfc8 16. Rfc1 Nd7 17. a5 b5 18. Bd3 Qe7 19. Ne2 Nf6 20. Nf4 Ne8
21. Qc3 Nd6 22. Nb3 Nc4 23. Nc5 Bd7 24. Re1 Qd6 25. g3 f5 26. h4 Re8 27.
Re2 Re7 28. Rae1 Rae8 29. Kg2 Bc8 30. Bc2 Bf6 31. Bb3 Kg7 32. Ncd3 Re4 33.
Kf1 R4e7 34. Ng2 Re4 35. Bc2 R4e7 36. Rb1 Re4 37. Ndf4 h6 38. Rbe1 g5 39.
hxg5 hxg5 40. Nh5+ Kg6 41. Nxf6 Kxf6 42. f4 Rh8 43. Rf2 Rh3 44. Bxe4 fxe4
45. fxg5+ Kxg5 46. Nf4 Rh7 47. Kg1 Qh6 48. Rg2 Bg4 49. Qc2 Qh1+ 50. Kf2 Qh6
51. Kg1 Qh1+ 52. Kf2 Qh6 53. Kg1 1/2-1/2

[Event "Copa ENTEL"]
[Site "Santiago CHI"]
[Date "2004.03.22"]
[Round "2"]
[White "Leitao,R"]
[Black "Rodriguez,And URU"]
[Result "1/2-1/2"]
[WhiteElo "2566"]
[BlackElo "2485"]
[EventDate "2004.03.22"]

1. Nf3 e6 2. g3 Nf6 3. Bg2 Be7 4. O-O O-O 5. c4 d5 6. d4 b6 7. cxd5 exd5 8.
Nc3 Bb7 9. Bf4 Na6 10. Rc1 c6 11. Ne5 Nc7 12. Qa4 b5 13. Qc2 Ne6 14. Rfd1
Qb6 15. Be3 Rfd8 16. Bh3 a5 1/2-1/2

[Event "Copa ENTEL"]
[Site "Santiago CHI"]
[Date "2004.03.22"]
[Round "2"]
[White "Cubas,Jo"]
[Black "Rojas,L"]
[Result "1-0"]
[WhiteElo "2394"]
[BlackElo "2408"]
[EventDate "2004.03.22"]

1. e4 e6 2. d4 d5 3. e5 c5 4. c3 Nc6 5. Nf3 Qb6 6. a3 Nh6 7. b4 cxd4 8.
cxd4 Nf5 9. Be3 Bd7 10. Bd3 Be7 11. O-O Nxe3 12. fxe3 Rc8 13. Nbd2 O-O 14.
Qb1 h6 15. Nb3 f6 16. exf6 Bxf6 17. Nc5 Qc7 18. Ra2 b6 19. Nxd7 Qxd7 20.
Raf2 Qe7 21. Qb3 g5 22. h3 Qg7 23. Bb5 Nb8 24. Qd3 h5 25. g4 hxg4 26. hxg4
Be7 27. Rh2 Rf7 28. Kg2 Rcf8 29. Rh3 Bd8 30. Rfh1 Bc7 31. Qc2 Bd6 32. Bd3
Rc7 33. Qb1 Qf6 34. Rf1 Rff7 35. Rh5 Qd8 36. Bg6 Rf6 37. Rfh1 1-0

[Event "Copa ENTEL"]
[Site "Santiago CHI"]
[Date "2004.03.22"]
[Round "2"]
[White "Arancibia,E"]
[Black "Panno,O"]
[Result "0-1"]
[WhiteElo "2405"]
[BlackElo "2485"]
[EventDate "2004.03.22"]

1. e4 c5 2. Nf3 e6 3. d4 cxd4 4. Nxd4 a6 5. Bd3 Nf6 6. O-O d6 7. c4 g6 8.
Nc3 Bg7 9. Qe2 O-O 10. Rd1 Qc7 11. h3 b6 12. Nf3 Bb7 13. Bf4 Nh5 14. Bh2
Nd7 15. Rac1 Bh6 16. Rb1 Nf4 17. Qe1 Ne5 18. Nxe5 dxe5 19. Bf1 Rfd8 20. Kh1
Bf8 21. f3 Bc5 22. g3 Nh5 23. b4 Rxd1 24. Nxd1 Bd4 25. Kg2 f5 26. Bd3 Nf6
27. Rc1 Rd8 0-1

[Event "Copa ENTEL"]
[Site "Santiago CHI"]
[Date "2004.03.23"]
[Round "3"]
[White "Panno,O"]
[Black "Llorens,M"]
[Result "1-0"]
[WhiteElo "2485"]
[BlackElo "2384"]
[EventDate "2004.03.22"]

1. Nf3 Nf6 2. c4 c5 3. Nc3 Nc6 4. g3 e5 5. Bg2 d6 6. O-O h6 7. Ne1 Be7 8.
Nc2 O-O 9. Ne3 Nh7 10. d3 f5 11. f4 Be6 12. Bd2 Qd7 13. a3 Rae8 14. b4 b6
15. Ned5 Bd8 16. e3 Ne7 17. bxc5 bxc5 18. fxe5 dxe5 19. Qa4 Nf6 20. Qxd7
Nxd7 21. Nb5 Nb6 22. Ndc7 Nec8 23. Nxe8 Rxe8 24. e4 a6 25. Nc3 Nd6 26. Be3
Nd7 27. Rab1 Ba5 28. exf5 Nxf5 29. Nd5 Nxe3 30. Nxe3 Bc3 31. Nd5 Bd4+ 32.
Kh1 Bxd5 33. Bxd5+ Kh8 34. Rf7 Nf6 35. Rbb7 e4 36. dxe4 Ng4 37. Kg2 Ne3+
38. Kf3 Nf1 39. h3 Nd2+ 40. Kg2 Bf6 41. e5 Rxe5 42. Rf8+ 1-0

[Event "Copa ENTEL"]
[Site "Santiago CHI"]
[Date "2004.03.23"]
[Round "3"]
[White "Rojas,L"]
[Black "Arancibia,E"]
[Result "1-0"]
[WhiteElo "2408"]
[BlackElo "2405"]
[EventDate "2004.03.22"]

1. e4 e6 2. d4 d5 3. e5 c5 4. c3 Nc6 5. Nf3 Bd7 6. Be2 f6 7. O-O fxe5 8.
Nxe5 Nxe5 9. dxe5 Qc7 10. Re1 Ne7 11. Na3 a6 12. c4 d4 13. Bd3 O-O-O 14.
Nc2 Nc6 15. Qh5 Be7 16. Bd2 g6 17. Qe2 g5 18. a3 h5 19. b4 g4 20. b5 Nb8
21. Rab1 Rdg8 22. Be4 a5 23. b6 Qd8 24. Bxa5 Nc6 25. Bd2 h4 26. a4 Rh5 27.
Bf4 Qf8 28. Qd2 Bg5 29. Bxg5 Rgxg5 30. Rb5 Rxe5 31. Bxc6 Bxc6 32. Ra5 Qd6
33. Rxe5 Rxe5 34. Qh6 Rf5 35. Ra8+ Kd7 36. Qh8 Ke7 37. Qxh4+ Rf6 38. Qxg4
Qf4 39. Qxf4 Rxf4 40. a5 1-0

[Event "Copa ENTEL"]
[Site "Santiago CHI"]
[Date "2004.03.23"]
[Round "3"]
[White "Rodriguez,And URU"]
[Black "Cubas,Jo"]
[Result "1/2-1/2"]
[WhiteElo "2485"]
[BlackElo "2394"]
[EventDate "2004.03.22"]

1. e4 e6 2. d4 d5 3. e5 c5 4. c3 Nc6 5. Nf3 Nge7 6. Bd3 cxd4 7. cxd4 Nf5 8.
Bxf5 exf5 9. Nc3 Be6 10. a3 h6 11. b4 Be7 12. O-O g5 13. Qd3 Qd7 14. Nd2 f4
15. Nb3 Bf5 16. Qd2 b6 17. b5 Nd8 18. a4 f3 19. gxf3 Ne6 20. Kh1 Rc8 21.
Bb2 Nf4 22. Rg1 Bb4 23. Nc1 f6 24. N1a2 Be7 25. exf6 Bd6 26. Rae1+ Kf7 27.
Re3 Rhe8 28. Nc1 Bg6 29. Rg3 Kxf6 30. Qd1 h5 31. Qg1 Qf5 32. Nd1 Rc2 33.
Rxe8 h4 34. Re5 Bxe5 35. dxe5+ Kf7 36. Rxg5 Qh3 37. Qg4 Qf1+ 38. Qg1 Qxg1+
39. Rxg1 Bh5 40. e6+ Kxe6 41. Re1+ Kf7 42. Kg1 Bxf3 43. Ba3 d4 44. h3 Rc8
45. Re7+ Kf6 46. Rd7 Bxd1 47. Rxd4 Nxh3+ 48. Kh2 Nxf2 49. Rf4+ Ke5 50. Rxf2
Rc2 51. Rxc2 Bxc2 52. Na2 Kd4 53. Nb4 Bxa4 54. Nc6+ Kc4 55. Nxa7 Bxb5 56.
Nc8 Bc6 1/2-1/2

[Event "Copa ENTEL"]
[Site "Santiago CHI"]
[Date "2004.03.23"]
[Round "3"]
[White "Velasquez,C"]
[Black "Leitao,R"]
[Result "0-1"]
[WhiteElo "2359"]
[BlackElo "2566"]
[EventDate "2004.03.22"]

1. e4 c5 2. Nf3 d6 3. d4 cxd4 4. Nxd4 Nf6 5. Nc3 a6 6. Bg5 e6 7. f4 Qc7 8.
Bxf6 gxf6 9. f5 Qc5 10. Qd3 Nc6 11. O-O-O Bh6+ 12. Kb1 Nxd4 13. Qxd4 Qxd4
14. Rxd4 Ke7 15. Rd3 b5 16. Be2 b4 17. Nd1 a5 18. Rh3 Bf4 19. Rf1 Be5 20.
Ne3 Bb7 21. Bd3 h5 22. Rh4 Rag8 23. g3 a4 24. Be2 Bd4 25. Ng2 e5 26. Bf3 b3
27. axb3 axb3 28. c3 Bc5 29. Re1 Ra8 30. Bd1 Rhb8 31. Ne3 Bxe3 32. Rxe3 Ba6
33. Be2 Bxe2 34. Rxe2 Rh8 35. Re3 Ra4 36. c4 Rb4 37. Rc3 Rc8 38. Rxh5 Rcxc4
39. Rh8 Rxc3 40. bxc3 Rxe4 41. Kb2 Rg4 42. Ra8 Rg5 43. Ra7+ Ke8 44. Kxb3
Rxf5 45. Kb4 Rf2 46. h4 Rf3 47. Ra8+ Ke7 48. Rg8 f5 49. Kc4 f4 50. g4 Rh3
51. h5 f3 52. Kd3 f2+ 53. Ke2 Rf3 54. Kf1 e4 55. Ra8 e3 56. Ra1 Rg3 57. Ke2
Rg1 58. Rf1 Kf6 0-1

[Event "Copa ENTEL"]
[Site "Santiago CHI"]
[Date "2004.03.23"]
[Round "3"]
[White "Zambrana,O"]
[Black "Vasquez,R"]
[Result "1/2-1/2"]
[WhiteElo "2404"]
[BlackElo "2523"]
[EventDate "2004.03.22"]

1. e4 c5 2. Nf3 Nc6 3. d4 cxd4 4. Nxd4 Nf6 5. Nc3 e5 6. Ndb5 d6 7. Bg5 a6
8. Na3 b5 9. Bxf6 gxf6 10. Nd5 f5 11. Bd3 Be6 12. O-O Bxd5 13. exd5 Ne7 14.
Qh5 e4 15. Be2 Bg7 16. c3 Qd7 17. Rad1 O-O 18. f4 Rac8 19. Nc2 a5 1/2-1/2

[Event "Copa ENTEL"]
[Site "Santiago CHI"]
[Date "2004.03.23"]
[Round "4"]
[White "Llorens,M"]
[Black "Vasquez,R"]
[Result "0-1"]
[WhiteElo "2384"]
[BlackElo "2523"]
[EventDate "2004.03.22"]

1. e4 c5 2. Nf3 e6 3. d4 cxd4 4. Nxd4 Nc6 5. Nc3 Qc7 6. Be3 Nf6 7. Qd2 a6
8. f3 d6 9. O-O-O Be7 10. g4 O-O 11. h4 b5 12. h5 b4 13. Nce2 Ne5 14. Nf4
h6 15. Nh3 d5 16. g5 hxg5 17. Nxg5 dxe4 18. h6 g6 19. h7+ Kh8 20. Qh2 Nd5
21. Qf2 exf3 22. Bh3 Nxe3 23. Qxe3 Nc4 0-1

[Event "Copa ENTEL"]
[Site "Santiago CHI"]
[Date "2004.03.23"]
[Round "4"]
[White "Leitao,R"]
[Black "Valenzuela Fuentealba,L"]
[Result "0-1"]
[WhiteElo "2566"]
[BlackElo "2418"]
[EventDate "2004.03.22"]

1. e4 c5 2. Nf3 d6 3. d4 cxd4 4. Nxd4 Nf6 5. Nc3 a6 6. Be2 e5 7. Nb3 Be7 8.
O-O O-O 9. Kh1 Qc7 10. f4 b5 11. Nd5 Nxd5 12. exd5 Nd7 13. Bd2 exf4 14. Ba5
Qa7 15. Nd4 Ne5 16. Nc6 Nxc6 17. dxc6 Be6 18. Rxf4 Rac8 19. Bf3 d5 20. Bxd5
Bxd5 21. Qxd5 Qc5 22. Qd7 Rxc6 23. Re1 Qd6 24. Qg4 h5 25. Qf3 Bg5 26. Rf5
Bh6 27. c3 Qd2 28. Rf1 Rg6 29. Bb4 Re8 30. Rxf7 Kh7 31. Be7 Qxb2 32. h3
Qxa2 33. Rf2 Qe6 34. Re2 Qc4 35. Rf5 Qc6 36. Rd5 a5 37. Qf7 b4 38. Rc5 Qxc5
39. Bxc5 Rxe2 40. cxb4 axb4 41. Bxb4 Rexg2 42. Bc5 R2g5 43. Be3 Rg3 0-1

[Event "Copa ENTEL"]
[Site "Santiago CHI"]
[Date "2004.03.23"]
[Round "4"]
[White "Cubas,Jo"]
[Black "Velasquez,C"]
[Result "1-0"]
[WhiteElo "2394"]
[BlackElo "2359"]
[EventDate "2004.03.22"]

1. e4 c5 2. Nf3 d6 3. d4 cxd4 4. Nxd4 Nf6 5. Nc3 a6 6. f4 e5 7. Nf3 Nbd7 8.
a4 d5 9. exd5 e4 10. Ne5 Bc5 11. Nc4 O-O 12. Be3 Qc7 13. Be2 Bxe3 14. Nxe3
Qxf4 15. Qd2 Qh4+ 16. g3 Qh3 17. O-O-O b5 18. Qd4 bxa4 19. Nxe4 Nxe4 20.
Qxe4 Nf6 21. Qf4 Re8 22. Rd4 Ra7 23. d6 a3 24. b3 Qe6 25. Rd3 Bb7 26. Rhd1
Be4 27. Rc3 h6 28. Bc4 Qh3 29. Bd3 Rd7 30. Kb1 Bxd3 31. Rcxd3 Qxh2 32. Ng4
Nxg4 33. Qxg4 Re2 34. Rc3 Re6 35. Rc8+ Kh7 36. Qf5+ g6 37. Qf4 Qe2 38. Qd4
Qe5 39. Qxe5 Rxe5 40. c4 Re3 41. Ka2 Rb7 42. d7 1-0

[Event "Copa ENTEL"]
[Site "Santiago CHI"]
[Date "2004.03.23"]
[Round "4"]
[White "Arancibia,E"]
[Black "Rodriguez,And URU"]
[Result "0-1"]
[WhiteElo "2405"]
[BlackElo "2485"]
[EventDate "2004.03.22"]

1. e4 e6 2. d4 d5 3. Nd2 Nf6 4. e5 Nfd7 5. f4 c5 6. c3 Nc6 7. Ndf3 Qb6 8.
h4 cxd4 9. cxd4 f5 10. a3 a5 11. Ne2 Be7 12. Nc3 O-O 13. Na4 Qa7 14. Be3
Nb6 15. Nc3 Bd7 16. Kf2 Qb8 17. Bd3 Qd8 18. g4 a4 19. gxf5 exf5 20. Qe2 Na5
21. Rag1 Rc8 22. Ng5 Bxg5 23. Rxg5 Rf7 24. Qh5 Qf8 25. Rhg1 Nac4 26. Nd1
Rc6 27. Qe2 Na8 28. Nc3 Ncb6 29. Nb5 Nc8 30. Qf3 Nab6 31. Nc3 Rh6 32. h5
Ne7 33. Nb5 Nbc8 34. Nc3 Kh8 35. Qd1 Qe8 36. Qf3 Nb6 37. Qg2 Qf8 38. Nb5
Nbc8 39. Nc3 Bc6 40. Nd1 Na7 41. Bd2 Bb5 42. Bb1 Nac6 43. Bc3 Nd8 44. Qf3
Ne6 45. R5g3 Bc4 46. Ne3 Bb3 47. Bc2 Nc6 48. Rd1 Bxc2 49. Nxc2 Qd8 50. Ne3
Qh4 51. Nxd5 Rxh5 52. Nb4 Nxb4 53. axb4 Ng5 0-1

[Event "Copa ENTEL"]
[Site "Santiago CHI"]
[Date "2004.03.23"]
[Round "4"]
[White "Panno,O"]
[Black "Rojas,L"]
[Result "1/2-1/2"]
[WhiteElo "2485"]
[BlackElo "2408"]
[EventDate "2004.03.22"]

1. c4 Nf6 2. Nf3 g6 3. b4 Bg7 4. Bb2 O-O 5. e3 a5 6. b5 c6 7. Na3 d5 8. Be2
dxc4 9. Bxc4 c5 10. O-O b6 11. d4 cxd4 12. Nxd4 Bb7 13. Rc1 Ne4 14. Qe2 Nc5
15. Rfd1 Qc7 16. Nb3 Bxb2 17. Qxb2 Nbd7 18. Bd5 Bxd5 19. Rxd5 Rac8 20. h3
Qb8 21. Nc4 Nxb3 22. axb3 Qb7 23. Rdd1 Rc7 24. Ne5 Nxe5 25. Qxe5 Rcc8 26.
h4 1/2-1/2

[Event "Copa ENTEL"]
[Site "Santiago CHI"]
[Date "2004.03.24"]
[Round "5"]
[White "Rojas,L"]
[Black "Llorens,M"]
[Result "1-0"]
[WhiteElo "2408"]
[BlackElo "2384"]
[EventDate "2004.03.22"]

1. e4 c5 2. Nf3 Nc6 3. d4 cxd4 4. Nxd4 Nf6 5. Nc3 e5 6. Ndb5 d6 7. Bg5 a6
8. Na3 b5 9. Nd5 Be7 10. Bxf6 Bxf6 11. c3 Ne7 12. Nxf6+ gxf6 13. Qd2 Bb7
14. O-O-O d5 15. exd5 Qxd5 16. Qh6 Qe6 17. Nc2 Rc8 18. a3 Nd5 19. Bd3 Nxc3
20. bxc3 Rxc3 21. Kd2 Qb3 22. Qe3 Rc7 23. Bf5 Qd5+ 24. Ke2 Qxg2 25. Nb4 Qg5
26. Qd3 Qh5+ 27. Ke1 1-0

[Event "Copa ENTEL"]
[Site "Santiago CHI"]
[Date "2004.03.24"]
[Round "5"]
[White "Velasquez,C"]
[Black "Arancibia,E"]
[Result "1/2-1/2"]
[WhiteElo "2359"]
[BlackElo "2405"]
[EventDate "2004.03.22"]

1. e4 c5 2. Nf3 d6 3. d4 cxd4 4. Nxd4 Nf6 5. Nc3 a6 6. Bc4 e6 7. Bb3 b5 8.
Qe2 b4 9. Na4 Bd7 10. Bd2 Nc6 11. Nxc6 Bxc6 12. Bxb4 Qb8 13. Ba3 Bxe4 14.
f3 Bd5 15. c4 Bc6 16. Nc3 Be7 17. O-O O-O 18. Rad1 Qa7+ 19. Kh1 Rfd8 20.
Rd2 Rd7 21. Rfd1 Rad8 22. Ne4 Nxe4 23. fxe4 g6 24. Bc2 Bf8 25. Bb4 a5 26.
Bc3 Bg7 27. Bxg7 Kxg7 28. Rd4 Qc5 29. b3 h5 30. Bb1 Qe5 31. Qd2 Qc5 32. Qe2
Kg8 33. Qe1 Kg7 1/2-1/2

[Event "Copa ENTEL"]
[Site "Santiago CHI"]
[Date "2004.03.24"]
[Round "5"]
[White "Valenzuela Fuentealba,L"]
[Black "Cubas,Jo"]
[Result "0-1"]
[WhiteElo "2418"]
[BlackElo "2394"]
[EventDate "2004.03.22"]

1. d4 d5 2. c4 c6 3. Nf3 Nf6 4. Qc2 g6 5. Bf4 Bf5 6. Qb3 Qb6 7. c5 Qxb3 8.
axb3 Nbd7 9. h3 Bxb1 10. Rxb1 Bg7 11. e3 O-O 12. b4 a6 13. Be2 Ne8 14. O-O
f6 15. Bg3 Rc8 16. Nd2 f5 17. Nb3 e5 18. f3 Nc7 19. dxe5 Bxe5 20. Bf2 Rfe8
21. Na5 Rb8 22. Bd3 Bg7 23. Rfe1 Ne5 24. Bf1 Ne6 25. Bg3 Re7 26. Rbd1 Rc8
27. Rd2 Bf6 28. e4 dxe4 29. fxe4 f4 30. Bf2 Rd8 31. Red1 Rde8 32. Rd6 Kg7
33. Re1 Nf7 34. Rd2 Neg5 35. Rde2 Nd8 36. e5 Rxe5 37. Rxe5 Rxe5 38. Rd1 Rd5
39. Rxd5 cxd5 40. Nxb7 Nxb7 41. c6 Nd6 42. Bxa6 Ne6 43. Bb6 Ne8 44. Kf1 Bd4
45. Ba5 Kf7 46. Bc8 Nd6 47. Ba6 Ke7 48. b5 Nc5 49. Bb4 Nxa6 50. bxa6 Ke6
51. b3 Nc8 52. Ke2 Na7 53. c7 Bb6 54. Kf3 Bxc7 55. Bc5 Bb8 56. b4 Nb5 0-1

[Event "Copa ENTEL"]
[Site "Santiago CHI"]
[Date "2004.03.24"]
[Round "5"]
[White "Zambrana,O"]
[Black "Leitao,R"]
[Result "0-1"]
[WhiteElo "2404"]
[BlackElo "2566"]
[EventDate "2004.03.22"]

1. e4 c6 2. d4 d5 3. e5 Bf5 4. Nc3 e6 5. g4 Bg6 6. Nge2 c5 7. Be3 Nc6 8.
dxc5 Nxe5 9. Nd4 Nd7 10. b4 Be7 11. Bg2 h5 12. f4 hxg4 13. f5 Bh4+ 14. Kd2
exf5 15. Ndb5 Ne7 16. Nd6+ Kf8 17. Kc1 Bf6 18. Bd4 Nc6 19. Nxb7 Qb8 20.
Bxf6 Nxf6 21. Nxd5 Qxb7 22. Nxf6 gxf6 23. Qd6+ Kg7 24. Rb1 Rac8 25. b5 Rhd8
26. Bxc6 Rxd6 27. Bxb7 Rxc5 28. Rd1 Re6 29. a4 f4 30. Rb2 f3 31. a5 f2 32.
Bg2 Re1 33. Bf1 Rd5 0-1

[Event "Copa ENTEL"]
[Site "Santiago CHI"]
[Date "2004.03.24"]
[Round "6"]
[White "Leitao,R"]
[Black "Vasquez,R"]
[Result "1-0"]
[WhiteElo "2566"]
[BlackElo "2523"]
[EventDate "2004.03.22"]

1. e4 c5 2. Nf3 d6 3. d4 cxd4 4. Nxd4 Nf6 5. Nc3 a6 6. Be2 e6 7. O-O Be7 8.
a4 Nc6 9. Kh1 O-O 10. f4 Qc7 11. Be3 Re8 12. Bf3 Na5 13. g4 Nc4 14. Bc1 Bf8
15. g5 Nd7 16. Bg2 Rb8 17. Rf3 g6 18. b3 Na5 19. Bb2 b6 20. Nce2 e5 21. Rc3
Nc5 22. Nf3 Nc6 23. Re3 exf4 24. Nxf4 Be6 25. b4 Nd7 26. Rc3 Bg7 27. Nd4
Bxd4 28. Qxd4 Nde5 29. Qf2 Qe7 30. b5 axb5 31. axb5 Na5 32. Rf1 Nac4 33.
Ba1 Ra8 34. Rg3 Ra2 35. Bd4 Na3 36. Nxe6 fxe6 37. Bxe5 dxe5 38. Qxb6 Nxc2
39. Qf2 Rf8 40. Rf3 Rxf3 41. Bxf3 Nb4 42. Qb6 Nd3 43. Bg4 Kg7 44. Qxe6 Nf2+
45. Kg1 Qxg5 46. Qxa2 Nxg4 47. Qf7+ Kh6 48. Qf8+ Kh5 49. Qf3 Qd2 50. Qh3+
Kg5 51. Qg2 Qd4+ 52. Kh1 Kh5 53. Qh3+ Kg5 54. Qg2 Kh5 55. h3 Ne3 56. Qf3+
Kh6 57. Re1 Nc4 58. Qf8+ Kh5 59. Qf3+ Kh6 60. h4 Qd7 61. Rd1 Qe6 62. Kh2
Kg7 63. Ra1 1-0

[Event "Copa ENTEL"]
[Site "Santiago CHI"]
[Date "2004.03.24"]
[Round "6"]
[White "Cubas,Jo"]
[Black "Zambrana,O"]
[Result "1/2-1/2"]
[WhiteElo "2394"]
[BlackElo "2404"]
[EventDate "2004.03.22"]

1. e4 c5 2. f4 d5 3. Nc3 dxe4 4. Nxe4 Nd7 5. Nf3 Ngf6 6. Nxf6+ Nxf6 7. b3
g6 8. Bb2 Bg7 9. Bb5+ Bd7 10. Qe2 O-O 11. Bxd7 Qxd7 12. O-O Rac8 13. Ne5
Qd6 14. Rae1 e6 15. Nc4 Qc6 16. a4 b6 17. Ne5 Qb7 18. Nc4 Rfd8 19. Be5 Qc6
20. Qf3 1/2-1/2

[Event "Copa ENTEL"]
[Site "Santiago CHI"]
[Date "2004.03.24"]
[Round "6"]
[White "Arancibia,E"]
[Black "Valenzuela Fuentealba,L"]
[Result "1/2-1/2"]
[WhiteElo "2405"]
[BlackElo "2418"]
[EventDate "2004.03.22"]

1. d4 d5 2. c4 c6 3. cxd5 cxd5 4. Bf4 Nc6 5. e3 Nf6 6. Nc3 a6 7. Bd3 Bg4 8.
Nge2 e6 9. Rc1 Be7 10. f3 Bh5 11. Bg3 Rc8 12. O-O O-O 13. Nf4 Bg6 14. Nxg6
hxg6 15. Bf2 Re8 16. a3 Na5 17. e4 Bf8 18. Na2 Nc6 19. e5 Nd7 20. Nc3 Nb6
21. f4 Nc4 22. Bxc4 dxc4 23. d5 exd5 24. Qxd5 Qxd5 25. Nxd5 b5 26. Rcd1 Na5
27. Nc3 g5 28. Ne4 gxf4 29. Nd6 Nc6 30. Nxc8 Rxc8 31. Rfe1 Nd8 32. Rd5 Ne6
33. Rc1 g5 34. h3 Kg7 35. Kf1 Kg6 36. Rd7 Bg7 37. Re1 c3 38. bxc3 Rxc3 39.
a4 bxa4 40. Rd6 Kf5 41. Rxa6 Bxe5 42. Rxa4 f6 43. Ra5 Rc2 44. Rd1 Rb2 45.
Be1 Rc2 1/2-1/2

[Event "Copa ENTEL"]
[Site "Santiago CHI"]
[Date "2004.03.24"]
[Round "6"]
[White "Rojas,L"]
[Black "Rodriguez,And URU"]
[Result "0-1"]
[WhiteElo "2408"]
[BlackElo "2485"]
[EventDate "2004.03.22"]

1. e4 e6 2. d4 d5 3. e5 c5 4. c3 Bd7 5. Nf3 Qb6 6. Be2 Bb5 7. c4 dxc4 8.
Nc3 cxd4 9. Nxd4 Ba6 10. O-O Nd7 11. Be3 Qa5 12. f4 Bc5 13. Ne4 Ne7 14. Nc2
Nf5 15. Rf3 Bxe3+ 16. Nxe3 Qb6 17. Qc1 O-O 18. Kh1 Nd4 19. Rf2 Nxe2 20.
Rxe2 c3 21. Rf2 cxb2 22. Rxb2 Qd4 0-1

[Event "Copa ENTEL"]
[Site "Santiago CHI"]
[Date "2004.03.25"]
[Round "7"]
[White "Rodriguez,And URU"]
[Black "Llorens,M"]
[Result "1/2-1/2"]
[WhiteElo "2485"]
[BlackElo "2384"]
[EventDate "2004.03.22"]

1. e4 c5 2. Nf3 Nc6 3. d4 cxd4 4. Nxd4 Nf6 5. Nc3 e5 6. Nde2 Bb4 7. a3 Ba5
8. b4 Bb6 9. Be3 Bxe3 10. fxe3 O-O 11. Qd2 d6 12. Ng3 Ng4 13. Nf5 g6 14.
Nxd6 Nxe3 15. Nxc8 Nxf1 16. Rxf1 Rxc8 17. Qxd8 Rfxd8 18. Nd5 Nd4 19. Ne7+
Kf8 20. Nxc8 Nxc2+ 21. Ke2 Nxa1 22. Nxa7 Nc2 23. Nb5 Nd4+ 24. Nxd4 Rxd4 25.
Ke3 Rc4 26. Rd1 Ke7 27. g4 Ke6 28. g5 Rc3+ 29. Rd3 Rc2 30. Rd2 Rc3+ 31. Rd3
Rc2 32. Rd2 1/2-1/2